000 00575nam a2200181Ia 4500
003 GCL
008 140319s9999 xx 000 0 ara d
040 _aGCL /
_cGCL
082 0 4 _a252.4
_bم ز
100 1 _aمنصور الرفاعى عبيد
245 1 0 _aالزكاة والرعاية الاجتماعية /
_cمنصور الرفاعى عبيد
300 _a77 ص
490 _aالهيئة العامة للاستعلامات
_v0
650 0 4 _aالزكاة
650 0 4 _aالشريعة الاسلامية
650 0 4 _aالفقه الاسلامى
942 _2ddc
_cBK
999 _c43488
_d43488